[Event "BOL-ch qual (Women) 2nd"]
[Site "La Paz"]
[Date "2016.04.16"]
[Round "5"]
[White "Chambi, Nayra"]
[Black "Toro, Ambar"]
[Result "0-1"]
[WhiteElo "1240"]
[BlackElo "1507"]
[PlyCount "52"]
[EventDate "2016.04.14"]
[EventType "swiss"]
[EventRounds "7"]
[EventCountry "BOL"]
[SourceTitle "CBM 171 Extra"]
[Source "ChessBase"]
[SourceDate "2016.04.26"]
[SourceVersion "1"]
[SourceVersionDate "2016.04.26"]
[SourceQuality "1"]

1. e4 e5 2. Nf3 Nc6 3. Nc3 Bc5 4. b3 d6 5. Bb5 Bd7 6. Bxc6 Bxc6 7. d3 Qd7 8. h3 f5 9. Nd2 0-0-0 10. f3 fxe4 11. Ndxe4 Bd4 12. Bb2 Qe7 13. Qd2 Bxe4 14. dxe4 Qh4+ 15. Kd1 Nf6 16. Rb1 d5 17. Ne2 Bxb2 18. g3 Qh5 19. g4 Qh4 20. Nc1 Bxc1 21. Qxc1 dxe4+ 22. Ke2 exf3+ 23. Kxf3 Rhf8 24. Qe1 Nxg4+ 25. Ke2 Rf2+ 26. Qxf2 Qxf2# 0-1

[Event "BOL-ch qual (Women) 2nd"]
[Site "La Paz"]
[Date "2016.04.15"]
[Round "4"]
[White "Molina, Jessica"]
[Black "Chambi, Nayra"]
[Result "1-0"]
[WhiteElo "1764"]
[BlackElo "1240"]
[PlyCount "83"]
[EventDate "2016.04.14"]
[EventType "swiss"]
[EventRounds "7"]
[EventCountry "BOL"]
[SourceTitle "CBM 171 Extra"]
[Source "ChessBase"]
[SourceDate "2016.04.26"]
[SourceVersion "1"]
[SourceVersionDate "2016.04.26"]
[SourceQuality "1"]

1. d4 d5 2. Nf3 Nc6 3. c4 e6 4. Nc3 Nge7 5. Bf4 a6 6. e3 h6 7. Rc1 Nf5 8. Bd3 g5 9. Be5 Nxe5 10. Nxe5 Ng7 11. Qf3 f5 12. cxd5 Bb4 13. dxe6 Bxe6 14. Qxb7 Bd6 15. Qc6+ Kf8 16. Ng6+ Kg8 17. Nxh8 Kxh8 18. a3 Qc8 19. Nd5 Bxd5 20. Qxd5 Ne8 21. Bxf5 Qd8 22. Qf7 Qe7 23. Qxe7 Bxe7 24. Ke2 Rb8 25. b4 Bd6 26. h4 Kg7 27. hxg5 hxg5 28. e4 Kf7 29. e5 Be7 30. Rh7+ Kf8 31. Rxc7 Nxc7 32. Rh8+ Kf7 33. Rxb8 Ne6 34. Bxe6+ Kxe6 35. Kd3 g4 36. Ke4 Bh4 37. d5+ Kd7 38. g3 Bg5 39. e6+ Ke7 40. Rb7+ Ke8 41. d6 Kd8 42. Rb8# 1-0